| 000 | 00846nam a2200229 a 4500 | ||
|---|---|---|---|
| 005 | 20160930020002.0 | ||
| 008 | 140310b2001 ck a fr|||| 00| 0 spa d | ||
| 020 | _a9586380247 | ||
| 040 |
_aCO-BoIAVH _cCO-BoIAVH |
||
| 041 | 0 | _aspa | |
| 044 | _ack | ||
| 082 | 0 | 4 |
_a584.4 _bV14o |
| 100 | 1 | _aOrtiz V., Pedro | |
| 245 | 1 | 0 |
_aOrquídeas : _bcurso introductorio a la taxonomía de la familia Orchidaceae en Colombia / _cPedro Ortíz V. y Gustavo Adolfo Aguirre A. |
| 260 |
_aVilla de Leyva (Boyacá) : _bCompañía litográfica nacional, _c2001. |
||
| 300 |
_a50 páginas aproximadamente : _bilustraciones ; _c33 x 22 centímetros |
||
| 650 | 1 | 4 | _aOrquídeas |
| 650 | 2 | 6 |
_aOrchidaceae _xTaxonomía |
| 650 | 2 | 6 |
_aOrchidaceae _vInventarios |
| 700 | 1 |
_aAguirre Arias, Gustavo Adolfo _eautor |
|
| 942 |
_cLIBRO _2ddc _01 |
||
| 999 |
_c2501 _d2501 |
||